| 000 | 00786nam a2200169 a 4500 | ||
|---|---|---|---|
| 008 | 100608s1990 ||||||||||||||||| || u | ||
| 050 | _aUN-ECA(02) | ||
| 110 | _aUnited Nations Economic Commission For Africa(UNECA) | ||
| 245 | 1 | 0 | _aEnabling environment for entrepreneurship development in Africa: proceedings of a seminar on an enabling entrepreneurship... |
| 260 |
_aAddis Ababa: _bUnited Nations.Economic Commition for Africa _c1990 |
||
| 300 | _aii, 45p. | ||
| 350 | _a0.00 | ||
| 650 | 0 | _aBUSINESS | |
| 650 | _aENTREPRENEURSHIP--GOVERNMENT POLICY--AFRICA | ||
| 650 | _aSMALL BUSINESS--GOVERNMENT POLICY--AFRICA | ||
| 995 |
_D0.00 _FCBU-MAIN LIBRARY (Kitwe) _H1 _I0.00 _M1 _UAVAILABLE _WJun 8, 2010 _ZInternational Publications |
||
| 999 |
_c41802 _d41802 |
||